Recital de Asunción Balaguer
Colección:
San Jorge,
; núm. 10 (abril 1953), pàg 71
Idioma:
Español
MARC
| LEADER | 00000naa a2200000 a 4500 | ||
|---|---|---|---|
| 003 | Arxiu | ||
| 005 | 20260324181040.0 | ||
| 008 | 160829s1953 spc xx s spa c | ||
| 040 | |a agdb | ||
| 245 | 0 | 0 | |a Recital de Asunción Balaguer |
| 490 | |a San Jorge, |v núm. 10 (abril 1953), pàg 71 | ||
| 600 | 1 | 0 | |9 54735 |a Balaguer, Asunción, |d 1925-2019 |
| 610 | 2 | 0 | |a Instituto del Teatro (Barcelona, Catalunya) |9 54846 |
| 773 | |g Núm. 10 (abril 1953), pàg 71 |t San Jorge. | ||
| 901 | |a Arxiu | ||
| 942 | |n 1 |2 udc |c ART | ||
| 952 | |0 0 |1 0 |4 0 |7 1 |9 64379 |a Arxiu |b Arxiu |d 2022-11-25 |o Rev-508 |r 2022-11-25 00:00:00 |w 2022-11-25 |y ARXIU |z També disponible a Rev-522 | ||
| 999 | |c 48975 |d 48975 | ||